00928nam a22002057a 45000010005000000030006000050050017000110080041000280400030000690820011000991000028001102450057001382600038001953000042002334900014002755050007002895200381002965210028006777000017007053855FISKH20251003095827.0240517b cb ||||| |||| 00| 0 eng d aFISK beng cFISK dFISK  a813.6  aBanks Rosie d1914-2014 aSecret kingdom / bPixie princess, cby Rosie Banks  aLondon : bOrchard Books, c2014  a192 pages : billustrations, c21 cm  aseries 4  aM  aThe fourth brilliant Secret Kingdom bumper special - two magical stories in one! Jasmine, Ellie and Summer are thrilled to be visiting Trixibelle's home for a special pixie celebration! But evil Queen Malice is determined to ruin the fun...and steal the crown of the mysterious Pixie Princess. Can the girls stop the queen's wicked plans and save the pixies' Heart Tree home? 8 a710 bLexile estimates  aRosie Banks